| 000 | 00632nam a22001937a 4500 | ||
|---|---|---|---|
| 005 | 20180409141927.0 | ||
| 010 | _aENG-122500 | ||
| 020 |
_a9789380574974 _c695.00 |
||
| 035 | _aEN-106032 | ||
| 037 | _bDBAD/PUB | ||
| 082 | _a650.071154 | ||
| 100 | _aPrasher, Rajeev | ||
| 245 |
_aIndia's management institutes and human capital development / _cby Rajeev Prasher |
||
| 260 |
_aDelhi _bBookwell _c2016 |
||
| 270 |
_a3/79, Nirankari Colony, _bDelhi _e110009 _k91-11-27601283 _mbkwell@nde.vsnl.net.in, |
||
| 300 |
_a185p. _bill. _c21cm(Hb) |
||
| 500 | _aInclude bibliography | ||
| 942 |
_2ddc _cEN _mPRA _h650.071154 |
||
| 999 |
_c150831 _d150831 |
||